000 00660nam a2200241Ia 4500
003 0100
008 130227s9999 xx 000 0 und d
020 _a0062509314
040 _cARRUPELIB
050 _aE185.97.K5A25 1986
100 _aKing, Martin Luther
245 2 _aA Testament of hope
245 _bThe essential writings of Martin Luther King, Jr.
260 _aSan Francisco
260 _bHarper & Row
260 _C1986
300 _axxvi
300 _b 676p 23cm
650 _bEconomics--Addresses--essasys--lectures
650 _cPhilosophy--Addresses--essays--lectures
700 _aWashington, James Melvin (ed)
942 _2lcc
_02
999 _c4299
_d4299